| 000 | 01349nam1a2200325 i 4500 | ||
|---|---|---|---|
| 001 | RU\NLR\bibl\353356 | ||
| 005 | 20240919195858.0 | ||
| 035 | _a(NLR Aleph) 000348051 | ||
| 090 |
_a258324 _c258324 |
||
| 100 | _a20030104d2002 k y0rusy50 ca | ||
| 101 | 0 | _arus | |
| 102 | _aRU | ||
| 105 | _a||||z ||||| | ||
| 200 | 1 |
_aХрестоматия энергосбережения _eСправ. _eВ 2 кн. _fВ.Г. Лисиенко, Я.М. Щелоков, М.Г. Ладыгичев _gПод ред. акад. АИН, проф. д.т.н. В.Г. Лисиенко |
|
| 210 |
_aМ. _cТеплоэнергетик _d2002 |
||
| 215 | _d24 | ||
| 463 | 0 | _1001350168 | |
| 463 | 0 | _1001345224 | |
| 606 | 0 |
_aЭнергетические ресурсы _jСправочники _xЭкономия _9949355 _3RU\NLR\auth\66352646 |
|
| 686 | _aЗ190.73я2 | ||
| 686 | _aУ9(2)-554.081я2 | ||
| 700 | 1 |
_4070 _7ca _8rus _aЛисиенко _bВ. Г. _f1933- _gВладимир Георгиевич _9176432 _3RU\NLR\AUTH\770176483 |
|
| 701 | 1 |
_aЩелоков _bЯ. М. _gЯков Митрофанович _4070 |
|
| 701 | 1 |
_aЛадыгичев _bМ. Г. _gМихаил Григорьевич _4070 |
|
| 801 | 0 |
_aRU _bNLR _c20030104 _gPSBO |
|
| 801 | 1 |
_aRU _bNLR _c20030104 |
|
| 852 |
_aNLR _j2002-7/5120 |
||
| 942 | _cBOOK | ||